NBA Teams with the most championships - Statistics

General Stats
  • This quiz has been taken 150 times
    96 since last reset
  • The average score is 17 of 22
Answer Stats
Chips Answer % Correct
18 Celtics
97%
17 Lakers
97%
7 Warriors
96%
6 Bulls
94%
5 Spurs
91%
3 Heat
88%
3 Pistons
86%
2 Knicks
84%
2 Bucks
83%
1 Mavericks
83%
1 Raptors
81%
1 Thunder
81%
1 Cavaliers
78%
2 Rockets
75%
3 76ers
74%
1 Nuggets
71%
1 Hawks
65%
1 Kings
64%
1 Trail Blazers
61%
1 Wizards
58%
1 SuperSonics
48%
1 Bullets
38%
No matching quizzes found
Score Distribution
Percent of People with Each Score
Percentile by Number Answered
Your Score History
You have not taken this quiz since the last reset